Statistics for Saturday Stumper #15

Click here to take the quiz!

General Stats

  • This quiz has been taken 1,672 times
  • The average score is 13 of 24

Answer Stats

HintAnswer% Correct
dioRadio
89%
enadeGrenade
84%
gmentSegment
73%
dictPredict
72%
dictAddict
71%
ventPrevent
70%
dientGradient
68%
ventConvent
65%
gmentAugment
64%
enadePromenade
64%
enadeSerenade
62%
gmentPigment
61%
dioCardio
60%
dioStudio
60%
dioAudio
57%
dictVerdict
52%
gmentFigment
46%
dientObedient
44%
dictIndict
43%
dientIngredient
39%
ventSolvent
35%
ventFervent
24%
dientExpedient
17%
enadeTapenade
10%

Score Distribution

Percentile by Number Answered

Percent of People with Each Score

Your Score History

You have not taken this quiz